KanYe Tracklist - Late Registration - Statistics

General Stats
  • This quiz has been taken 58 times
  • The average score is 15 of 21
Answer Stats
Hint Answer % Correct
2 Heard ‘Em Say
92%
4 Gold Digger
88%
5 Skit No. 1
84%
12 Skit No. 2
84%
3 Touch The Sky
84%
21 Late
82%
9 Roses
82%
1 Wake Up Mr. West
80%
15 Skit 3
78%
18 Skit 4
76%
14 We Major
75%
20 Diamonds From Sierra Leone (bonus)
73%
13 Diamonds From Sierra Leone (remix)
73%
6 Drive Slow
71%
16 Hey Mama
69%
8 Crack Music
67%
19 Gone
67%
11 Addiction
63%
17 Celebration
59%
10 Bring Me Down
53%
7 My Way Home
49%
No matching quizzes found
Score Distribution
Percent of People with Each Score
Percentile by Number Answered
Your Score History
You have not taken this quiz